[Event "93rd ch-FRA 2018"]
[Site "Nimes FRA"]
[Date "2018.08.18"]
[Round "1.2"]
[White "Fressinet, Laurent"]
[Black "Gharamian, Tigran"]
[Result "1/2-1/2"]
[WhiteTitle "GM"]
[BlackTitle "GM"]
[WhiteElo "2645"]
[BlackElo "2614"]
[WhiteFideId "608742"]
[BlackFideId "13301527"]
[EventDate "2018.08.18"]

1. d4 Nf6 2. c4 e6 3. Nc3 Bb4 4. e3 d5 5. cxd5 exd5 6. Bd3 O-O 7. Ne2 Re8 8. Bd2
Bd6 9. O-O a6 10. Rc1 Nbd7 11. Nf4 c6 12. f3 Nf8 13. Kh1 Ng6 14. Nce2 Qb6 15. b3
Bd7 16. g4 Re7 17. Qc2 Nxf4 18. exf4 Rae8 19. Ng3 Kf8 20. Rcd1 h6 21. g5 Ng8 22.
Bf5 hxg5 23. Bxd7 Rxd7 24. fxg5 g6 25. Bc1 Qc7 26. f4 Rde7 27. Qf2 f5 28. h4 Qd7
29. Kg2 Rh7 30. Rh1 Qf7 31. Qf3 Re4 32. h5 gxh5 33. Nxh5 Re6 34. Ng3 Ne7 35.
Rxh7 Qxh7 36. Rh1 Qg7 37. Qd3 Re4 38. Nxe4 dxe4 39. Qh3 Kg8 40. Qh6 Ng6 41.
Qxg7+ Kxg7 42. Kg3 Bc7 43. Rh6 Bb8 44. Be3 Bd6 45. Bd2 Bb8 46. Bc1 Bd6 47. Kf2
Bb8 48. Kg3 Bd6 49. a4 Bb8 50. Be3 Bd6 51. Kf2 Bb8 52. Ke2 Bd6 53. Kd2 Bb8 54.
Kc2 Bd6 55. Bd2 Bb8 56. Be3 Bd6 57. Bc1 Bb8 58. b4 Bd6 59. Kb3 b5 60. axb5 axb5
61. Bd2 Bb8 62. Kc2 1/2-1/2

[Event "93rd ch-FRA 2018"]
[Site "Nimes FRA"]
[Date "2018.08.18"]
[Round "1.3"]
[White "Edouard, Romain"]
[Black "Le Roux, Jean-Pierre"]
[Result "1-0"]
[WhiteTitle "GM"]
[BlackTitle "GM"]
[WhiteElo "2638"]
[BlackElo "2539"]
[WhiteFideId "633429"]
[BlackFideId "609404"]
[EventDate "2018.08.18"]

1. d4 Nf6 2. c4 e6 3. Nc3 Bb4 4. Nf3 b6 5. Qb3 Qe7 6. g3 O-O 7. Bg2 Bb7 8. O-O
a5 9. Qc2 Bxc3 10. Qxc3 d6 11. b3 a4 12. b4 Nbd7 13. a3 Rfc8 14. Bb2 b5 15. cxb5
Nb6 16. Nd2 Bxg2 17. Kxg2 d5 18. Qd3 Ne8 19. Rac1 Nd6 20. Rc5 Rab8 21. Rfc1 Qd7
22. Rc6 Rb7 23. R1c5 Nbc4 24. Nxc4 Nxc4 25. Rxc4 dxc4 26. Qxc4 Qd5+ 27. Qxd5
exd5 28. Rc5 Rd8 29. Bc1 Kf8 30. Bf4 Rd7 31. Kf3 Ke8 32. Ke3 Kd8 33. Kd3 Rb6 34.
f3 h6 35. h4 Re6 36. e4 f5 37. exf5 Re1 38. Be5 Rf1 39. Ke3 Rb1 40. Rc3 Kc8 41.
b6 Rb3 42. Rxb3 axb3 43. b7+ Kxb7 1-0

[Event "93rd ch-FRA 2018"]
[Site "Nimes FRA"]
[Date "2018.08.20"]
[Round "3.5"]
[White "Bacrot, Etienne"]
[Black "Maze, Sebastien"]
[Result "1-0"]
[WhiteTitle "GM"]
[BlackTitle "GM"]
[WhiteElo "2699"]
[BlackElo "2612"]
[WhiteFideId "605506"]
[BlackFideId "613762"]
[EventDate "2018.08.18"]

1. e4 c5 2. Nf3 e6 3. d4 cxd4 4. Nxd4 Nc6 5. Nc3 Qc7 6. Be3 a6 7. Qf3 Ne5 8. Qg3
h5 9. f4 Ng4 10. Bd2 b5 11. h3 N4f6 12. a3 Bb7 13. Bd3 h4 14. Qf2 Bc5 15. Be3
Rc8 16. e5 Nd5 17. Nxd5 Bxd5 18. b4 Bxd4 19. Bxd4 Ne7 20. Bc5 Qc6 21. O-O-O g6
22. Rd2 Be4 23. Rhd1 Bxd3 24. Rxd3 Nd5 25. Rd4 Kd8 26. Qf3 Rh5 27. Kb2 Kc7 28.
Rxd5 exd5 29. Rxd5 Re8 30. Qd3 Re6 31. Bd6+ Kb7 32. Bf8 Qc4 33. Rxd7+ Kc6 34.
Qd2 1-0

[Event "93rd ch-FRA 2018"]
[Site "Nimes FRA"]
[Date "2018.08.25"]
[Round "8.4"]
[White "Bacrot, Etienne"]
[Black "Le Roux, Jean-Pierre"]
[Result "1-0"]
[WhiteTitle "GM"]
[BlackTitle "GM"]
[WhiteElo "2699"]
[BlackElo "2539"]
[WhiteFideId "605506"]
[BlackFideId "609404"]
[EventDate "2018.08.18"]

1. e4 e5 2. Nf3 Nf6 3. Nxe5 d6 4. Nf3 Nxe4 5. d4 d5 6. Bd3 Bd6 7. O-O O-O 8. c4
c6 9. Nc3 Nxc3 10. bxc3 dxc4 11. Bxc4 Bf5 12. Bd3 Bxd3 13. Qxd3 Nd7 14. c4 Re8
15. g3 Qf6 16. Rb1 b6 17. Rd1 Nf8 18. Kg2 Qg6 19. a4 Qxd3 20. Rxd3 Nd7 21. Be3
g6 22. a5 Rab8 23. Ra1 Rec8 24. c5 Bc7 25. d5 bxc5 26. dxc6 Ne5 27. Rd5 Nxc6 28.
Rxc5 Bd6 29. Rd5 Bf8 30. Rd7 Rd8 31. Rc7 Rdc8 32. Rxc8 Rxc8 33. Rc1 Ne7 34. Rxc8
Nxc8 35. Ne5 a6 36. Nd7 Bd6 37. Kf3 f5 38. Nc5 Bxc5 39. Bxc5 Kf7 40. Kf4 Kf6 41.
Bd4+ Ke6 42. Kg5 Nd6 43. Kh6 Kf7 44. Kxh7 Ne4 45. Kh6 Nd2 46. Bc3 Ne4 47. Be1
Nc5 48. f3 Nd3 49. Bc3 Nc1 50. Kg5 Ne2 51. Bb2 Ng1 52. Kf4 Ke6 53. Ke3 g5 54. f4
g4 55. Bd4 Kd5 56. Bb6 Kc4 57. Kf2 Nh3+ 58. Ke2 Kc3 59. Bc5 Kc4 60. Ba7 Kc3 61.
Bb6 Kc4 62. Kd2 Kd5 63. Kd3 Kc6 64. Kc4 Kd6 65. Be3 1-0